Использование функций полезности при многокритериальном оценивании объектов; Информационные технологии в науке, управлении, социальной сфере и медицине; Ч. 1

Bibliografiset tiedot
Parent link:Информационные технологии в науке, управлении, социальной сфере и медицине: сборник научных трудов IV Международной научной конференции, 5-8 декабря 2017 г., Томск/ Национальный исследовательский Томский политехнический университет (ТПУ).— , 2017
Ч. 1.— 2017
Päätekijä: Бураков Д. П.
Yhteenveto:Заглавие с титульного экрана
In order to provide most fully usage of different criteria and get linear order on a set of objects that to be estimated the generalization (aggregative) functions are used. To provide of correctness application of these functions it is necessary that the entire features be measured in the same units and all of the criteria be monotonically increasing. The article shows that to satisfy this requirement it is enough to use utility (value) functions. Moreover, it is possible to construct any of that function by the parametrization of a function from a certain function classes.
Kieli:venäjä
Julkaistu: 2017
Sarja:Информационные технологии поддержки принятия решений
Aiheet:
Linkit:http://earchive.tpu.ru/handle/11683/46221
Aineistotyyppi: Elektroninen Kirjan osa
KOHA link:https://koha.lib.tpu.ru/cgi-bin/koha/opac-detail.pl?biblionumber=625976

MARC

LEADER 00000naa2a2200000 4500
001 625976
005 20231101133405.0
035 |a (RuTPU)RU\TPU\conf\25272 
035 |a RU\TPU\conf\25271 
090 |a 625976 
100 |a 20180129d2017 k y0rusy50 ca 
101 0 |a rus  |d eng 
102 |a RU 
105 |a y z 101zy 
135 |a drgn ---uucaa 
181 0 |a i  
182 0 |a b 
200 1 |a Использование функций полезности при многокритериальном оценивании объектов  |f Д. П. Бураков 
203 |a Текст  |c электронный 
225 1 |a Информационные технологии поддержки принятия решений 
230 |a 1 компьютерный файл (pdf; 531 Kb) 
300 |a Заглавие с титульного экрана 
320 |a [Библиогр.: с. 15 (6 назв.)] 
330 |a In order to provide most fully usage of different criteria and get linear order on a set of objects that to be estimated the generalization (aggregative) functions are used. To provide of correctness application of these functions it is necessary that the entire features be measured in the same units and all of the criteria be monotonically increasing. The article shows that to satisfy this requirement it is enough to use utility (value) functions. Moreover, it is possible to construct any of that function by the parametrization of a function from a certain function classes. 
461 1 |0 (RuTPU)RU\TPU\conf\25267  |t Информационные технологии в науке, управлении, социальной сфере и медицине  |o сборник научных трудов IV Международной научной конференции, 5-8 декабря 2017 г., Томск  |o в 2 ч.  |f Национальный исследовательский Томский политехнический университет (ТПУ)   |d 2017 
463 1 |0 (RuTPU)RU\TPU\conf\25268  |t Ч. 1  |f Национальный исследовательский Томский политехнический университет (ТПУ) ; ред. кол. О. Г. Берестнева ; А. А. Мицель ; Т. А. Гладкова  |d 2017 
510 1 |a Usage of utility functions for multicriteria objects estimation  |z eng 
610 1 |a электронные ресурсы 
610 1 |a многокритериальная оценка 
610 1 |a обобщения 
610 1 |a ранжирование 
610 1 |a multicriteria estimation 
610 1 |a ranking 
700 1 |a Бураков  |b Д. П. 
801 2 |a RU  |b 63413507  |c 20180321  |g RCR 
856 4 |u http://earchive.tpu.ru/handle/11683/46221 
942 |c BK